Μοντελοποίηση του ελληνικού συστήματος ηλεκτροπαραγωγής : περιβαλλοντικές επιπτώσεις : πτυχιακή εργασία
Αποθηκεύτηκε σε:
| Κύριος συγγραφέας: | |
|---|---|
| Συγγραφή απο Οργανισμό/Αρχή: | |
| Άλλοι συγγραφείς: | , |
| Μορφή: | Thesis Βιβλίο |
| Γλώσσα: | Greek |
| Δημοσίευση: |
Μυτιλήνη :
Πανεπιστήμιο Αιγαίου, Τμήμα Περιβάλλοντος,
1994
|
| Θέματα: | |
| Διαθέσιμο Online: | http://hdl.handle.net/11610/9893 |
| Ετικέτες: |
Προσθήκη ετικέτας
Δεν υπάρχουν, Καταχωρήστε ετικέτα πρώτοι!
|
MARC
| LEADER | 00000cam a2200000 i 4500 | ||
|---|---|---|---|
| 001 | 1/4686 | ||
| 008 | 000531s1994 gre d | ||
| 035 | |l 10061304 | ||
| 040 | |a GR-MY-UA |b gre |e aacr | ||
| 041 | 0 | |a gre | |
| 082 | 0 | |a 333.79 |2 (22) | |
| 100 | 1 | |a Μηνά, Ευαγγελία. | |
| 245 | 1 | 0 | |a Μοντελοποίηση του ελληνικού συστήματος ηλεκτροπαραγωγής : |b περιβαλλοντικές επιπτώσεις : πτυχιακή εργασία / |c Μηνά Ευαγγελία ; επιβλέποντες καθηγητές: Δίας Χαραλαμπόπουλος, Μιχάλης Σκούρτος |
| 260 | |a Μυτιλήνη : |b Πανεπιστήμιο Αιγαίου, Τμήμα Περιβάλλοντος, |c 1994 | ||
| 300 | |a v, 190 σ.; |b πιν., σχ.; |c 30 εκ. | ||
| 500 | |a Επιτροπή: Δίας Χαραλαμπόπουλος, Μιχάλης Σκούρτος, Ιωάννης Χατζόπουλος | ||
| 502 | |a Πτυχιακή εργασία – Πανεπιστήμιο Αιγαίου, Λέσβος, 1994. | ||
| 504 | |a Περιέχει παραρτήματα και βιβλιογραφία | ||
| 650 | 0 | 0 | |a Power resources |z Greece. |
| 650 | 0 | 0 | |a Power resources |x Environmental aspects |z Greece. |
| 650 | 0 | 0 | |a Electric power-plants |x Environmental aspects. |
| 650 | 0 | 0 | |a Electric power production |x Environmental aspects. |
| 650 | 0 | 0 | |a Dissertations, Academic |z Greece. |
| 700 | 1 | |a Χαραλαμπόπουλος, Δίας. |4 ths | |
| 700 | 1 | |a Σκούρτος, Μιχάλης Σ. |4 ths | |
| 710 | 2 | |a Πανεπιστήμιο Αιγαίου. |b Σχολή Περιβάλλοντος. |b Τμήμα Περιβάλλοντος. | |
| 852 | |a INST |b LESVOS |c DIATR |e 20000531 |h 194 |p 005100026131 |q 005100026131 |t DIE |y 23 | ||
| 856 | |u http://hdl.handle.net/11610/9893 | ||
| 901 | |a BIBL1-2000-2 | ||
| 909 | |a Λ |b 077719 | ||
| 924 | |a ΜΗΝΑ |b ΕΥΑΓΓΕΛΙΑ |y ΛΕΣΒΟΣ |z 1994 | ||
| 970 | |a ΑΙΒΑΤΖΙΔΟΥ |b ΕΛΕΝΗ |z 2000/05/31 | ||